Afghanistan Under Taliban (Record no. 1848277)

MARC details
000 -LEADER
fixed length control field 00295 a2200121 4500
000 - LEADER
fixed length control field nam a22 7a 4500
005 - DATE AND TIME OF LATEST TRANSACTION
control field 20260416111126.0
020 ## - INTERNATIONAL STANDARD BOOK NUMBER
International Standard Book Number 9788198837080
100 ## - MAIN ENTRY--PERSONAL NAME
Personal name Vishal Chandra
9 (RLIN) 1234503
245 ## - TITLE STATEMENT
Title Afghanistan Under Taliban
260 ## - PUBLICATION, DISTRIBUTION, ETC.
Name of publisher, distributor, etc. Pentagon Press
Date of publication, distribution, etc. 2025
942 ## - ADDED ENTRY ELEMENTS (KOHA)
Koha item type Textual
Holdings
Withdrawn status Lost status Source of classification or shelving scheme Damaged status Not for loan Home library Current library Date acquired Source of acquisition Cost, normal purchase price Inventory number Total Checkouts Barcode Date last seen Cost, replacement price Price effective from Koha item type
    Colon Classification (CC)   Ordered South Campus Library South Campus Library 2026-04-16 72 1036.00 BKB305 & 28-01-2026   SC1809557 2026-04-16 1295.00 2026-04-16 Textual
Copyright @ Delhi University Library System